[Event "V Open Dicembre"]
[Site "Arco ITA"]
[Date "2014.12.29"]
[Round "6"]
[White "Migliorini, Matteo"]
[Black "Teutsch, Alexander"]
[WhiteElo "2068"]
[BlackElo "2158"]
[Result "1/2-1/2"]
[PlyCount "89"]
[EventDate "2014.12.26"]

1. e4 d5 2. exd5 Nf6 3. d4 Nxd5 4. Nf3 g6 5. Be2 Bg7 6. O-O O-O 7. c3 Qd6 8.
Na3 Nf4 9. Re1 c6 10. Bf1 Ne6 11. Nc4 Qc7 12. Nce5 Nd7 13. Nxf7 Rxf7 14. Rxe6
Nb6 15. Re1 Bg4 16. Be2 Bxf3 17. Bxf3 e5 18. Be3 exd4 19. Bxd4 Rd8 20. Bxb6
Rxd1 21. Bxc7 Rxa1 22. Rxa1 Rxc7 23. Rd1 Re7 24. g3 Kf7 25. Kg2 Be5 26. Rd3 Bc7
27. Bd1 Bb6 28. h4 Re1 29. h5 gxh5 30. Bxh5+ Kf6 31. Bd1 Ke7 32. b4 a5 33. a3
axb4 34. axb4 Re6 35. Bg4 Rd6 36. Rxd6 Kxd6 37. Bc8 Kc7 38. Bf5 h6 39. c4 Bd4
40. f4 Kd6 41. Kf3 Ke7 42. Ke4 Bc3 43. b5 cxb5 44. cxb5 b6 45. Bc8 1/2-1/2

[Event "V Open Dicembre"]
[Site "Arco ITA"]
[Date "2014.12.29"]
[Round "6"]
[White "Negro, Roberto"]
[Black "Dobboletta, Alex"]
[WhiteElo "2143"]
[BlackElo "2122"]
[Result "1/2-1/2"]
[PlyCount "61"]
[EventDate "2014.12.26"]

1. d4 e6 2. Nf3 Nf6 3. g3 b6 4. Bg2 Bb7 5. O-O c5 6. e3 Be7 7. c4 O-O 8. d5
exd5 9. Nh4 Ne8 10. Nf5 Bf6 11. cxd5 d6 12. e4 Nd7 13. a4 Ba6 14. Re1 Ne5 15.
Ra3 Rb8 16. f4 Nc4 17. Ra2 g6 18. Ne3 Bd4 19. Kh1 Bxe3 20. Bxe3 f5 21. exf5
Nxe3 22. Rxe3 Rxf5 23. Bh3 Rf8 24. Nc3 Nc7 25. Be6+ Nxe6 26. dxe6 Qe7 27. Kg1
Bb7 28. Nd5 Bxd5 29. Qxd5 Rf5 30. Qc6 d5 31. a5 1/2-1/2

[Event "V Open Dicembre"]
[Site "Arco ITA"]
[Date "2014.12.29"]
[Round "6"]
[White "Panjkovic, Aleksandar"]
[Black "Trauth, Michael"]
[WhiteElo "2133"]
[BlackElo "2175"]
[Result "1/2-1/2"]
[PlyCount "166"]
[EventDate "2014.12.26"]

1. c4 c5 2. g3 g6 3. Bg2 Bg7 4. Nc3 Nc6 5. e4 d6 6. Nge2 h5 7. h3 Bd7 8. d3 Qc8
9. Be3 Nf6 10. b3 a6 11. d4 cxd4 12. Nxd4 Rb8 13. Rc1 O-O 14. Nd5 Qd8 15. O-O
Be8 16. Qd2 e6 17. Nxf6+ Bxf6 18. Rfd1 Ne7 19. Bh6 Bg7 20. Bxg7 Kxg7 21. Ne2
Bc6 22. Qxd6 Qxd6 23. Rxd6 e5 24. Nc3 Rbe8 25. Rcd1 Nc8 26. R6d2 Nb6 27. Nd5
Nd7 28. Nb4 Nb8 29. h4 a5 30. Nd5 Nd7 31. Nc7 Re7 32. Nd5 Ree8 33. Rb1 Nc5 34.
a3 Ne6 35. b4 axb4 36. axb4 Nd4 37. Nb6 Re6 38. b5 Bxe4 39. Bxe4 Rxb6 40. c5
Rxb5 41. Rxb5 Nxb5 42. Bxb7 Nd4 43. Rb2 Re8 44. Rb6 Re7 45. Bd5 Rd7 46. Rd6
Rxd6 47. cxd6 Kf8 48. d7 Ke7 49. Bxf7 g5 50. hxg5 Nf3+ 51. Kg2 Nxg5 52. Be8 Ne4
53. f3 Ng5 54. Kf2 Nh7 55. Ke2 Nf6 56. Ke3 Nxd7 57. Bxh5 Kf6 58. Kd3 Nc5+ 59.
Kc4 Ne6 60. Kd5 Ng5 61. Bg4 Nf7 62. Kc6 Ng5 63. Kd7 Nf7 64. Bh5 Ng5 65. Bg4 Nf7
66. Be6 Ng5 67. Bd5 Nh3 68. Kd6 Ng5 69. Be4 Nh3 70. Kd5 Ng1 71. Kc4 Ne2 72. g4
Nf4 73. Kc5 Ne6+ 74. Kd6 Ng5 75. Kd7 Ne6 76. Ke8 Ng5 77. Bd5 Nh3 78. Kf8 Kg5
79. Kf7 Kf4 80. Kf6 Ng5 81. Be4 Nxf3 82. Bxf3 Kxf3 83. Kxe5 Kxg4 1/2-1/2

[Event "V Open Dicembre"]
[Site "Arco ITA"]
[Date "2014.12.30"]
[Round "7"]
[White "Bardone, Lorenzo"]
[Black "Negro, Roberto"]
[WhiteElo "2140"]
[BlackElo "2143"]
[Result "1-0"]
[PlyCount "89"]
[EventDate "2014.12.26"]

1. e4 e6 2. d3 c5 3. Nf3 Nc6 4. c3 Nf6 5. g3 Qc7 6. Qe2 d6 7. Bg2 Be7 8. O-O
O-O 9. a3 Rd8 10. b4 Ne5 11. Bb2 Nxf3+ 12. Bxf3 e5 13. Bg2 Bg4 14. f3 Bd7 15.
Kh1 a5 16. bxc5 Qxc5 17. a4 b5 18. axb5 Bxb5 19. c4 Be8 20. Nc3 a4 21. Ba3 Qd4
22. Nd5 Nxd5 23. exd5 Rab8 24. f4 Bf6 25. Rab1 Rxb1 26. Rxb1 Qc3 27. Bb4 Qd4
28. Re1 g6 29. Bxd6 Rxd6 30. fxe5 Bxe5 31. Qxe5 Qxe5 32. Rxe5 Kf8 33. Re2 Rb6
34. Kg1 Rb3 35. Bf1 Bd7 36. Ra2 Ke7 37. Be2 a3 38. Kf1 Rb1+ 39. Kf2 Rb2 40.
Rxa3 Bg4 41. Ra7+ Kd6 42. Ke3 Rxe2+ 43. Kd4 Bd7 44. c5+ Ke7 45. c6 1-0

[Event "V Open Dicembre"]
[Site "Arco ITA"]
[Date "2014.12.30"]
[Round "7"]
[White "Bertani, Gianfranco"]
[Black "Siclari, Giovanni"]
[WhiteElo "2019"]
[BlackElo "2082"]
[Result "1-0"]
[PlyCount "89"]
[EventDate "2014.12.26"]

1. d4 Nf6 2. e3 c5 3. b3 e6 4. Bb2 b6 5. Nd2 Bb7 6. Ngf3 Be7 7. Bd3 O-O 8. Qe2
cxd4 9. exd4 Nd5 10. Bc4 Nf4 11. Qf1 d5 12. Bd3 Nc6 13. a3 a6 14. g3 Nxd3+ 15.
Qxd3 b5 16. b4 Qc7 17. O-O a5 18. c3 a4 19. Rae1 Na7 20. Qe2 Nc8 21. Ne5 Nd6
22. Ndf3 Rae8 23. Nd3 Nc4 24. Nc5 Bd6 25. Bc1 Bc6 26. Nh4 e5 27. Qg4 Bxc5 28.
Nf5 g6 29. bxc5 Bd7 30. Nh6+ Kg7 31. Qh4 f6 32. Ng4 Bxg4 33. Bh6+ Kg8 34. Bxf8
Rxf8 35. Qxg4 f5 36. Qg5 e4 37. Ra1 Kg7 38. Rfb1 h6 39. Qf4 Qc6 40. h4 Re8 41.
h5 Re6 42. Qb8 f4 43. Rxb5 fxg3 44. Rb7+ Kf6 45. Qf4# 1-0

[Event "V Open Dicembre"]
[Site "Arco ITA"]
[Date "2014.12.30"]
[Round "7"]
[White "Dobboletta, Alex"]
[Black "Migliorini, Matteo"]
[WhiteElo "2122"]
[BlackElo "2068"]
[Result "1-0"]
[PlyCount "121"]
[EventDate "2014.12.26"]

1. c4 g6 2. Nc3 c5 3. g3 Bg7 4. Bg2 Nc6 5. Rb1 d6 6. a3 Rb8 7. b4 Bf5 8. e4 Bd7
9. Nge2 Ne5 10. d3 Bg4 11. Qa4+ Qd7 12. Qxd7+ Kxd7 13. Kd2 Bf3 14. Bxf3 Nxf3+
15. Kc2 Nf6 16. h3 b6 17. Be3 Rhc8 18. b5 e6 19. a4 Kc7 20. Rb3 Nd7 21. Ra1 Kb7
22. Rba3 Nd4+ 23. Kd2 Ne5 24. Ng1 Nef3+ 25. Nxf3 Nxf3+ 26. Ke2 Nd4+ 27. Bxd4
Bxd4 28. R1a2 Rd8 29. Nb1 d5 30. Nd2 f5 31. exd5 exd5 32. cxd5 Rxd5 33. Nc4
Re8+ 34. Kf1 a5 35. bxa6+ Kxa6 36. Rb3 Re6 37. Re2 Rxe2 38. Rxb6+ Ka7 39. Kxe2
Rd7 40. a5 Re7+ 41. Kf1 Bc3 42. Rd6 Re1+ 43. Kg2 Re2 44. Kf3 Ra2 45. Re6 Bxa5
46. Nxa5 Rxa5 47. Re7+ Kb6 48. Rxh7 Ra3 49. Ke2 Kb5 50. Rb7+ Kc6 51. Rg7 Ra2+
52. Ke3 Ra3 53. Rxg6+ Kd5 54. Rg8 c4 55. Rd8+ Ke5 56. f4+ Ke6 57. Rd4 cxd3 58.
Rxd3 Ra1 59. g4 Re1+ 60. Kf2 Re4 61. Re3 1-0

[Event "V Open Dicembre"]
[Site "Arco ITA"]
[Date "2014.12.30"]
[Round "7"]
[White "Horn, Peter"]
[Black "Marziali, Giulio"]
[WhiteElo "2141"]
[BlackElo "1868"]
[Result "1/2-1/2"]
[PlyCount "101"]
[EventDate "2014.12.26"]

1. c4 e5 2. Nc3 Nc6 3. Nf3 f5 4. d4 e4 5. Ng5 Be7 6. Nh3 Nf6 7. e3 O-O 8. Be2
Kh8 9. O-O d5 10. cxd5 Nb4 11. Nf4 Nbxd5 12. Nfxd5 Nxd5 13. Qb3 c6 14. f3 exf3
15. Bxf3 Nb6 16. Rd1 Bd6 17. e4 fxe4 18. Nxe4 Bc7 19. Bg5 Qe8 20. Nc5 Qg6 21.
Be7 Rxf3 22. Qxf3 Bg4 23. Qf2 Bxd1 24. Rxd1 Qh5 25. Rd3 Qxh2+ 26. Kf1 Qh5 27.
Rf3 Rg8 28. Ne6 Nd5 29. Bf8 Qg6 30. Bxg7+ Rxg7 31. Rf8+ Rg8 32. Rxg8+ Qxg8 33.
Nxc7 Qg7 34. Nxd5 cxd5 35. Qf5 Qg8 36. Qe5+ Qg7 37. Qxd5 Qc7 38. Qc5 Qf4+ 39.
Kg1 Qe3+ 40. Kh2 Qh6+ 41. Kg3 Qe3+ 42. Kh4 Qf4+ 43. Kh3 Qe3+ 44. g3 Qe6+ 45.
Kh4 Qf6+ 46. Kg4 Qe6+ 47. Kf4 Qf6+ 48. Ke4 Qg6+ 49. Kf4 Qf6+ 50. Ke3 Qh6+ 51.
Ke4 1/2-1/2

[Event "V Open Dicembre"]
[Site "Arco ITA"]
[Date "2014.12.30"]
[Round "7"]
[White "Panjkovic, Aleksandar"]
[Black "Markocic, Tine"]
[WhiteElo "2133"]
[BlackElo "2033"]
[Result "1-0"]
[PlyCount "133"]
[EventDate "2014.12.26"]

1. c4 c5 2. g3 g6 3. Bg2 Nf6 4. Nc3 Bg7 5. e4 Nc6 6. Nge2 d6 7. d3 O-O 8. O-O
Bg4 9. f3 Bd7 10. Be3 a6 11. Qd2 Rb8 12. d4 cxd4 13. Nxd4 Nxd4 14. Bxd4 Be6 15.
Nd5 Bxd5 16. cxd5 Nd7 17. Bxg7 Kxg7 18. Qd4+ Kg8 19. Bh3 Rc8 20. Rfc1 a5 21.
Qa7 Rxc1+ 22. Rxc1 Nc5 23. a3 a4 24. Rc4 Qa8 25. Qb6 Qd8 26. Qb4 Qa8 27. Qc3
Qa6 28. e5 Re8 29. Bf1 Qa7 30. Qe3 Qb8 31. Rh4 h5 32. g4 Qc8 33. gxh5 Qf5 34.
hxg6 Qxe5 35. gxf7+ Kxf7 36. Rf4+ Kg7 37. Rg4+ Kf7 38. Qf4+ Qxf4 39. Rxf4+ Kg7
40. Bb5 Rc8 41. Bxa4 Nxa4 42. Rxa4 Rc1+ 43. Kf2 Rc2+ 44. Kg3 Rxb2 45. Rb4 Ra2
46. Rxb7 Kf6 47. Ra7 Rd2 48. Ra5 Ke5 49. h4 Rd4 50. h5 Kf5 51. Ra7 Kg5 52. Rxe7
Kxh5 53. Re4 Rxd5 54. Rg4 Rd2 55. a4 Kh6 56. Kf4 Rd3 57. Ke4 Ra3 58. Kd5 Rxf3
59. Kxd6 Ra3 60. Kc6 Kh5 61. Rb4 Kg5 62. Kb6 Kf5 63. a5 Rh3 64. a6 Rh8 65. a7
Re8 66. Kb7 Re7+ 67. Ka6 1-0

[Event "V Open Dicembre"]
[Site "Arco ITA"]
[Date "2014.12.30"]
[Round "7"]
[White "Pojer, Romeo"]
[Black "Lezzerini, Marco"]
[WhiteElo "2084"]
[BlackElo "2066"]
[Result "0-1"]
[PlyCount "86"]
[EventDate "2014.12.26"]

1. d4 d6 2. g3 e5 3. Nf3 e4 4. Ng5 f5 5. h4 Be7 6. c4 Nf6 7. Nc3 O-O 8. Qb3 c6
9. Bd2 Na6 10. Na4 d5 11. c5 Nc7 12. e3 h6 13. Nh3 Ne6 14. Be2 Qc7 15. Qc2 Bd7
16. b4 Be8 17. Nf4 Nxf4 18. gxf4 Bh5 19. Bxh5 Nxh5 20. O-O-O Nf6 21. f3 Rab8
22. Rdg1 Kf7 23. h5 b6 24. Be1 bxc5 25. dxc5 Qb7 26. Bc3 Qb5 27. fxe4 fxe4 28.
Nb2 a5 29. a3 axb4 30. axb4 Ra8 31. Qg2 Rg8 32. Qg6+ Kf8 33. Qg2 Ra3 34. Kd2 d4
35. exd4 e3+ 36. Kc2 Nd5 37. Be1 Bf6 38. Qh3 Qe2+ 39. Kb1 Rb3 40. Qc8+ Kf7 41.
Qd7+ Ne7 42. Bc3 Qd3+ 43. Ka2 Qxc3 0-1

[Event "V Open Dicembre"]
[Site "Arco ITA"]
[Date "2014.12.30"]
[Round "7"]
[White "Teutsch, Alexander"]
[Black "De Santis, Alessio"]
[WhiteElo "2158"]
[BlackElo "2288"]
[Result "0-1"]
[PlyCount "82"]
[EventDate "2014.12.26"]

1. d4 Nf6 2. c4 c5 3. d5 b5 4. cxb5 a6 5. b6 d6 6. Nc3 Nbd7 7. e4 g6 8. Nf3 Bg7
9. a4 Qxb6 10. a5 Qb7 11. Be2 O-O 12. O-O Ne8 13. Nd2 Nc7 14. Nc4 Nb5 15. Bg5
Re8 16. Na4 Nf6 17. e5 Ne4 18. Be3 dxe5 19. f3 Ned6 20. Nxc5 Nxc4 21. Nxb7 Nxe3
22. Qb3 Nxf1 23. Bxb5 axb5 24. Qxb5 Bxb7 25. Qxb7 Ne3 26. a6 Reb8 27. Qc6 Rc8
28. Qb7 Rcb8 29. Qc6 Rd8 30. Ra5 e4 31. fxe4 Bd4 32. Ra4 Ba7 33. g3 Nxd5+ 34.
Kg2 Rac8 35. Qb7 Rc7 36. exd5 Rxb7 37. axb7 Bb8 38. Rc4 Kf8 39. Kf3 Ke8 40. Ke4
Kd7 41. Kd4 Bd6 0-1

[Event "V Open Dicembre"]
[Site "Arco ITA"]
[Date "2014.12.30"]
[Round "7"]
[White "Trauth, Michael"]
[Black "Locatelli, Andrea"]
[WhiteElo "2175"]
[BlackElo "2177"]
[Result "1/2-1/2"]
[PlyCount "66"]
[EventDate "2014.12.26"]

1. Nf3 Nf6 2. c4 g6 3. g3 Bg7 4. Bg2 O-O 5. Nc3 d6 6. O-O c5 7. d4 Nc6 8. dxc5
dxc5 9. Bf4 Nd4 10. Be5 Nc6 11. Qxd8 Rxd8 12. Bc7 Rf8 13. Ne5 Be6 14. Nxc6 bxc6
15. Be5 Bxc4 16. Bxc6 Rad8 17. Rfd1 Be6 18. Bf3 c4 19. Nb5 a5 20. Nd4 Rc8 21.
Nc6 Rfe8 22. Nxa5 Rc5 23. Bc3 Nd5 24. Bxg7 Kxg7 25. Nxc4 Rxc4 26. Bxd5 Bxd5 27.
Rxd5 Rc2 28. Rad1 Rb8 29. R5d2 Rbxb2 30. Rxc2 Rxc2 31. Ra1 Rxe2 32. a4 Re6 33.
a5 Ra6 1/2-1/2

[Event "LXXIV C.to Italiano"]
[Site "Boscotrecase ITA"]
[Date "2014.11.23"]
[Round "1"]
[White "Contin, Daniel"]
[Black "Brunello, Sabino"]
[WhiteElo "2327"]
[BlackElo "2568"]
[Result "0-1"]
[PlyCount "70"]
[EventDate "2014.11.23"]

1. e4 c5 2. Nf3 d6 3. d4 cxd4 4. Nxd4 Nf6 5. Nc3 e6 6. Be2 Nc6 7. Be3 e5 8. Nb3
Be6 9. O-O Be7 10. Qd2 O-O 11. Rad1 a6 12. f4 exf4 13. Bxf4 Ne5 14. Nd4 Qb6 15.
Bg5 Kh8 16. Kh1 Rac8 17. Qc1 Rfe8 18. Bxf6 Bxf6 19. Nd5 Bxd5 20. exd5 Ng6 21.
Rxf6 gxf6 22. Bg4 Rc4 23. c3 Re4 24. Nf5 Rxg4 25. Qh6 Ne5 26. Qxf6+ Kg8 27. Re1
Rcf4 28. Nh6+ Kf8 29. Qh8+ Ke7 30. Nxg4 Rxg4 31. Rxe5+ dxe5 32. Qxe5+ Kf8 33.
d6 Qf2 34. Qe7+ Kg7 35. Qe5+ Kg6 0-1

[Event "LXXIV C.to Italiano"]
[Site "Boscotrecase ITA"]
[Date "2014.11.23"]
[Round "1"]
[White "David, Alberto"]
[Black "Bellia, Fabrizio"]
[WhiteElo "2578"]
[BlackElo "2415"]
[Result "1-0"]
[PlyCount "83"]
[EventDate "2014.11.23"]

1. e4 e6 2. Qe2 c5 3. Nf3 Nc6 4. c3 d5 5. d3 Nf6 6. g3 Be7 7. Bg2 O-O 8. O-O b6
9. e5 Nd7 10. h4 Bb7 11. Bf4 b5 12. Nbd2 c4 13. d4 b4 14. Ng5 h6 15. Ngf3 bxc3
16. bxc3 Qa5 17. Rfc1 Ba3 18. Rc2 Rfb8 19. Nb1 Bf8 20. Nbd2 Ne7 21. h5 Bc6 22.
g4 Ba4 23. Rcc1 Qd8 24. Nf1 Rb6 25. Ne3 Rab8 26. g5 Rb2 27. Qe1 Kh8 28. Bh3
R8b6 29. Kh1 Ng8 30. Qg1 Be7 31. Qg3 hxg5 32. Nxg5 Qf8 33. Rg1 Bc2 34. Nxc2
Rxc2 35. Rg2 Nh6 36. Rag1 Nf5 37. Bxf5 exf5 38. Nh7 Qg8 39. Qxg7+ Qxg7 40. Rxg7
Rb8 41. Rxf7 Re8 42. e6 1-0

[Event "LXXIV C.to Italiano"]
[Site "Boscotrecase ITA"]
[Date "2014.11.23"]
[Round "1"]
[White "Dvirnyy, Danyyil"]
[Black "Rombaldoni, Denis"]
[WhiteElo "2515"]
[BlackElo "2480"]
[Result "1-0"]
[PlyCount "93"]
[EventDate "2014.11.23"]

1. e4 c5 2. Nf3 d6 3. d4 cxd4 4. Nxd4 Nf6 5. Nc3 g6 6. Be3 Bg7 7. f3 O-O 8. Qd2
Nc6 9. Bc4 Bd7 10. O-O-O Rc8 11. Bb3 Na5 12. Kb1 Nc4 13. Bxc4 Rxc4 14. g4 b5
15. b3 Rc8 16. Ndxb5 Qa5 17. a4 a6 18. Nd5 Qxd2 19. Nxe7+ Kh8 20. Rxd2 Rce8 21.
Nxd6 Rxe7 22. Bc5 Re5 23. Nb7 Rc8 24. Bd4 Re7 25. g5 Ne8 26. Bc5 Rxc5 27. Nxc5
Bh3 28. Nxa6 h6 29. gxh6 Bxh6 30. Rd3 Ng7 31. Nb4 Ne6 32. Nd5 Rb7 33. b4 Nc5
34. Ra3 Bd2 35. c3 Bg2 36. Rd1 Bh6 37. Kc2 Bxf3 38. bxc5 Bxe4+ 39. Rd3 Bf8 40.
c6 Rb8 41. c7 Rc8 42. Rb3 Bd6 43. Rb8 Rxb8 44. cxb8=Q+ Bxb8 45. c4 Bxh2 46. c5
Kg7 47. a5 1-0

[Event "LXXIV C.to Italiano"]
[Site "Boscotrecase ITA"]
[Date "2014.11.23"]
[Round "1"]
[White "Genocchio, Daniele"]
[Black "Altini, Nicola"]
[WhiteElo "2407"]
[BlackElo "2394"]
[Result "1/2-1/2"]
[PlyCount "70"]
[EventDate "2014.11.23"]

1. Nc3 d5 2. e4 d4 3. Nce2 e5 4. Nf3 Bd6 5. Ng3 Be6 6. c3 c5 7. Bb5+ Nd7 8. O-O
a6 9. Bxd7+ Qxd7 10. cxd4 cxd4 11. Ng5 Nf6 12. d3 O-O 13. h3 h6 14. Nxe6 fxe6
15. Qb3 Kh7 16. f4 exf4 17. Bxf4 Nxe4 18. Nxe4 Bxf4 19. g3 Be3+ 20. Kg2 Qe7 21.
Rxf8 Rxf8 22. Rf1 Rf5 23. g4 Rxf1 24. Kxf1 Qh4 25. Qxe6 Qxh3+ 26. Ke2 Qg2+ 27.
Ke1 Qg1+ 28. Ke2 Qg2+ 29. Ke1 Qf3 30. b3 b5 31. a4 bxa4 32. bxa4 a5 33. Ng5+
Bxg5 34. Qg6+ Kg8 35. Qxg7+ Kxg7 1/2-1/2

[Event "LXXIV C.to Italiano"]
[Site "Boscotrecase ITA"]
[Date "2014.11.23"]
[Round "1"]
[White "Gilevych, Artem"]
[Black "Bruno, Fabio"]
[WhiteElo "2396"]
[BlackElo "2436"]
[Result "1-0"]
[PlyCount "49"]
[EventDate "2014.11.23"]

1. d4 d5 2. c4 c6 3. Nc3 Nf6 4. Bg5 dxc4 5. a4 a6 6. a5 b5 7. axb6 Qxb6 8. Qd2
Nbd7 9. Nf3 Rb8 10. e3 Qb3 11. Be2 e6 12. O-O Bb4 13. Bd1 Bxc3 14. bxc3 Qb2 15.
Bc2 Nd5 16. e4 Nxc3 17. Bf4 Rb5 18. Bd6 c5 19. Qg5 Nf6 20. Qxg7 Qxc2 21. Qxf6
Rb7 22. Qxh8+ Kd7 23. Ne5+ Kxd6 24. Qd8+ Bd7 25. Rxa6+ 1-0

[Event "LXXIV C.to Italiano"]
[Site "Boscotrecase ITA"]
[Date "2014.11.23"]
[Round "1"]
[White "Godena, Michele"]
[Black "Rombaldoni, Axel"]
[WhiteElo "2495"]
[BlackElo "2505"]
[Result "1/2-1/2"]
[PlyCount "47"]
[EventDate "2014.11.23"]

1. e4 c5 2. c3 d5 3. exd5 Qxd5 4. d4 Nc6 5. Nf3 Bf5 6. Be2 e6 7. O-O Nf6 8. Be3
Ng4 9. Nbd2 Be7 10. Nc4 Bg6 11. Nfe5 Ngxe5 12. Nxe5 Nxe5 13. dxe5 Qc6 14. Qb3
O-O 15. Rfd1 Rfd8 16. h3 Be4 17. f3 Bg6 18. Rxd8+ Rxd8 19. Rd1 Rxd1+ 20. Qxd1
h5 21. c4 h4 22. Kf2 f6 23. Bd3 Qd7 24. Ke2 1/2-1/2

[Event "LXXIV C.to Italiano"]
[Site "Boscotrecase ITA"]
[Date "2014.11.24"]
[Round "2"]
[White "Altini, Nicola"]
[Black "David, Alberto"]
[WhiteElo "2394"]
[BlackElo "2578"]
[Result "0-1"]
[PlyCount "108"]
[EventDate "2014.11.23"]

1. d4 Nf6 2. c4 e6 3. Nc3 Bb4 4. e3 O-O 5. Bd3 c5 6. Nf3 d5 7. O-O cxd4 8. exd4
dxc4 9. Bxc4 Bxc3 10. bxc3 Qc7 11. Qe2 Nbd7 12. Ne5 Nxe5 13. dxe5 Nd5 14. Ba3
Re8 15. Bd6 Qc6 16. Bxd5 exd5 17. Qd3 Bd7 18. Rfd1 Rac8 19. Qxd5 Qxd5 20. Rxd5
Rxc3 21. Rd2 Rec8 22. f3 Be6 23. a3 h6 24. Rb1 b6 25. Kf2 Kh7 26. Re1 Rb3 27.
Re3 Rb1 28. Re1 Rb3 29. Re3 Rb5 30. Ree2 Rc3 31. Rb2 Rxb2 32. Rxb2 Kg6 33. Bb4
Rc1 34. Bd6 Rc3 35. Bb4 Rd3 36. Rd2 Rb3 37. Bd6 a5 38. a4 b5 39. axb5 Rxb5 40.
f4 a4 41. Ke3 Kf5 42. g3 h5 43. h3 Kg6 44. Rd4 Rb3+ 45. Rd3 Bxh3 46. Rxb3 axb3
47. Kd3 Be6 48. Be7 Kf5 49. Bh4 Kg4 50. Kc3 g5 51. fxg5 Kf5 52. Kd3 Kxe5 53.
Kc3 Ke4 54. Kb2 Ke5 0-1

[Event "LXXIV C.to Italiano"]
[Site "Boscotrecase ITA"]
[Date "2014.11.24"]
[Round "2"]
[White "Bellia, Fabrizio"]
[Black "Dvirnyy, Danyyil"]
[WhiteElo "2415"]
[BlackElo "2515"]
[Result "1/2-1/2"]
[PlyCount "38"]
[EventDate "2014.11.23"]

1. d4 Nf6 2. Nf3 g6 3. g3 Bg7 4. Bg2 O-O 5. O-O d6 6. c4 Bf5 7. Nc3 Ne4 8. Nxe4
Bxe4 9. Be3 d5 10. c5 Nc6 11. Qd2 e5 12. dxe5 Qe7 13. Rfd1 Rfe8 14. Rac1 Nxe5
15. Nxe5 Qxe5 16. Bxe4 dxe4 17. c6 bxc6 18. Rxc6 a5 19. Bf4 Qxb2 1/2-1/2

[Event "LXXIV C.to Italiano"]
[Site "Boscotrecase ITA"]
[Date "2014.11.24"]
[Round "2"]
[White "Brunello, Sabino"]
[Black "Genocchio, Daniele"]
[WhiteElo "2568"]
[BlackElo "2407"]
[Result "1-0"]
[PlyCount "67"]
[EventDate "2014.11.23"]

1. d4 Nf6 2. c4 g6 3. Nc3 Bg7 4. e4 d6 5. Be2 O-O 6. Bg5 c5 7. d5 e6 8. Nf3
exd5 9. exd5 h6 10. Be3 Re8 11. O-O Nbd7 12. Bf4 Qb6 13. Qd2 g5 14. Bg3 Nh5 15.
Bd3 Nf8 16. Qc2 Bd7 17. h3 Nxg3 18. fxg3 Re3 19. Rf2 Rae8 20. Raf1 Qd8 21. g4
a6 22. Ne4 Qe7 23. Nfd2 Bd4 24. Kh1 Re1 25. Rxf7 Qxf7 26. Rxe1 Be5 27. Rf1 Qg7
28. Nf3 Kh8 29. Nxe5 Qxe5 30. Nf6 Re7 31. Nh5 Kg8 32. Qf2 Nh7 33. Bxh7+ Kxh7
34. Qf8 1-0

[Event "LXXIV C.to Italiano"]
[Site "Boscotrecase ITA"]
[Date "2014.11.24"]
[Round "2"]
[White "Godena, Michele"]
[Black "Contin, Daniel"]
[WhiteElo "2495"]
[BlackElo "2327"]
[Result "1-0"]
[PlyCount "111"]
[EventDate "2014.11.23"]

1. e4 e6 2. d4 d5 3. Nd2 c5 4. Ngf3 Nc6 5. exd5 exd5 6. Bb5 cxd4 7. Nxd4 Qb6 8.
N2f3 Bd6 9. Be3 Qa5+ 10. c3 Nge7 11. O-O a6 12. Bd3 Bg4 13. h3 Bh5 14. Re1 Ne5
15. Be2 Nxf3+ 16. Bxf3 Bxf3 17. Qxf3 O-O 18. Bf4 Qc7 19. Bxd6 Qxd6 20. Rad1
Rac8 21. Re2 g6 22. Nc2 Rfd8 23. Ne3 Rc5 24. Red2 b5 25. Rd3 a5 26. b4 axb4 27.
cxb4 Rcc8 28. Nxd5 Nxd5 29. Rxd5 Qb8 30. Rxd8+ Rxd8 31. Rxd8+ Qxd8 32. a3 Qd4
33. g3 h5 34. h4 Kg7 35. Kg2 Qa7 36. Qc3+ Kg8 37. Qc8+ Kg7 38. Qc3+ Kg8 39. Qc6
Qa4 40. Qe8+ Kg7 41. Qe5+ Kg8 42. Qd5 Kg7 43. Qd4+ Kg8 44. Qd8+ Kg7 45. Qa5 Qb3
46. Qxb5 Qxa3 47. Qb7 Qb3 48. b5 Kh6 49. b6 Qb5 50. Qa8 Kg7 51. b7 Qd5+ 52. Kh2
Qf3 53. Qa1+ Kh7 54. Qb2 f6 55. b8=Q g5 56. Qc2+ 1-0

[Event "LXXIV C.to Italiano"]
[Site "Boscotrecase ITA"]
[Date "2014.11.24"]
[Round "2"]
[White "Rombaldoni, Axel"]
[Black "Bruno, Fabio"]
[WhiteElo "2505"]
[BlackElo "2436"]
[Result "1-0"]
[PlyCount "79"]
[EventDate "2014.11.23"]

1. e4 e6 2. d4 d5 3. Nd2 Nf6 4. e5 Nfd7 5. Bd3 c5 6. c3 Nc6 7. Ne2 cxd4 8. cxd4
f6 9. exf6 Nxf6 10. Nf3 Bd6 11. O-O Qc7 12. Bg5 O-O 13. Bh4 Nh5 14. Qc2 h6 15.
Bg6 Rxf3 16. Bxh5 Bxh2+ 17. Kh1 Rf5 18. Bg6 Bd6 19. Bxf5 exf5 20. f4 Qf7 21.
Rf3 Bd7 22. Bf2 Re8 23. Nc3 Nd8 24. a3 Ne6 25. Re1 Nxf4 26. Rxe8+ Bxe8 27. Bg3
g5 28. Bxf4 Bxf4 29. Ne2 Qh5+ 30. Rh3 Qg4 31. Rxh6 Kg7 32. Rh3 Bd6 33. Ng1 Qe4
34. Qc8 g4 35. Qxb7+ Be7 36. Rh2 Bf7 37. Qb8 Bg5 38. Qh8+ Kg6 39. Rh7 Qe7 40.
Qg7# 1-0

[Event "LXXIV C.to Italiano"]
[Site "Boscotrecase ITA"]
[Date "2014.11.24"]
[Round "2"]
[White "Rombaldoni, Denis"]
[Black "Gilevych, Artem"]
[WhiteElo "2480"]
[BlackElo "2396"]
[Result "1-0"]
[PlyCount "73"]
[EventDate "2014.11.23"]

1. Nf3 d5 2. g3 Nf6 3. Bg2 c6 4. c4 dxc4 5. O-O Nbd7 6. Qc2 Nb6 7. Na3 Qd5 8.
b3 cxb3 9. axb3 e6 10. Nc4 Qd8 11. Nfe5 Nbd5 12. d4 Be7 13. Bd2 Bd7 14. g4 O-O
15. g5 Ne8 16. Kh1 Nd6 17. e4 Nc7 18. f4 Be8 19. Nxd6 Qxd6 20. Ng4 Nb5 21. e5
Qxd4 22. Ra4 Qd8 23. Ba5 b6 24. Bc3 Nxc3 25. Qxc3 f5 26. exf6 gxf6 27. Rd4 Qc8
28. Rd3 Kg7 29. Rg3 Bg6 30. h4 h5 31. gxf6+ Bxf6 32. Nxf6 Rxf6 33. Be4 e5 34.
Rfg1 Qe8 35. Rxg6+ Rxg6 36. Bxg6 Qe7 37. Qxe5+ 1-0

[Event "LXXIV C.to Italiano"]
[Site "Boscotrecase ITA"]
[Date "2014.11.25"]
[Round "3"]
[White "Bruno, Fabio"]
[Black "Rombaldoni, Denis"]
[WhiteElo "2436"]
[BlackElo "2480"]
[Result "0-1"]
[PlyCount "98"]
[EventDate "2014.11.23"]

1. d4 Nf6 2. c4 b6 3. Nc3 Bb7 4. Bf4 e6 5. a3 d5 6. cxd5 exd5 7. Nb5 Na6 8. Qc1
c6 9. Qe3+ Be7 10. Nd6+ Kf8 11. Nf5 Qd7 12. Qxe7+ Qxe7 13. Bd6 Qxd6 14. Nxd6
Bc8 15. e4 Nc7 16. e5 Nfe8 17. Rc1 Nxd6 18. exd6 Ne8 19. Rxc6 Bd7 20. Rc1 Nxd6
21. Bd3 Ke7 22. Ne2 Rhc8 23. Kd2 Nc4+ 24. Bxc4 dxc4 25. Rc3 b5 26. Re1 a5 27.
Nf4+ Kf8 28. Re5 b4 29. Rce3 g6 30. Nd5 Rab8 31. Nf6 Ba4 32. Rxa5 bxa3 33. bxa3
Rb2+ 34. Kc3 Rb3+ 35. Kd2 c3+ 36. Rxc3 Rbxc3 37. Rxa4 Rc2+ 38. Ke3 R8c3+ 39.
Ke4 Rxf2 40. Ra8+ Kg7 41. Ne8+ Kh6 42. a4 Rxg2 43. Nf6 Rc6 44. Nd7 Rc7 45. Nf6
Re7+ 46. Kf3 Ree2 47. Ng4+ Kg5 48. Ra7 f5 49. h4+ Kxh4 0-1

[Event "LXXIV C.to Italiano"]
[Site "Boscotrecase ITA"]
[Date "2014.11.25"]
[Round "3"]
[White "Contin, Daniel"]
[Black "Rombaldoni, Axel"]
[WhiteElo "2327"]
[BlackElo "2505"]
[Result "1/2-1/2"]
[PlyCount "44"]
[EventDate "2014.11.23"]

1. Nf3 c5 2. g3 b6 3. Bg2 Bb7 4. c4 Nf6 5. O-O e6 6. Nc3 Be7 7. b3 O-O 8. Bb2
d6 9. e3 Nbd7 10. d4 a6 11. d5 exd5 12. Nh4 Rb8 13. Nf5 b5 14. Bxd5 Bxd5 15.
Nxd5 Nxd5 16. Qxd5 Bf6 17. Bxf6 Qxf6 18. Nxd6 h5 19. Rad1 Ne5 20. Ne4 Qe7 21.
cxb5 axb5 22. Kg2 c4 1/2-1/2

[Event "LXXIV C.to Italiano"]
[Site "Boscotrecase ITA"]
[Date "2014.11.25"]
[Round "3"]
[White "David, Alberto"]
[Black "Brunello, Sabino"]
[WhiteElo "2578"]
[BlackElo "2568"]
[Result "1/2-1/2"]
[PlyCount "35"]
[EventDate "2014.11.23"]

1. e4 e5 2. Nf3 Nc6 3. Bb5 Nf6 4. d3 d6 5. c3 Bd7 6. O-O Be7 7. Ba4 O-O 8. Re1
Na5 9. Bc2 c5 10. Nbd2 Rc8 11. Nf1 Re8 12. Ne3 Bf8 13. h3 h6 14. Bd2 Nc6 15.
Bb3 Na5 16. Bc2 Nc6 17. Bb3 Na5 18. Bc2 1/2-1/2